000 00527nam a2200181Ia 4500
003 GCL
008 140319s9999 xx 000 0 ara d
040 _aGCL /
_cGCL
082 0 4 _a811.09
_bك ط
100 1 _aكامل ايوب
245 1 0 _aالطوفان والمدينة السمراء /
_cكامل ايوب
300 _a170 ص
490 _a
650 0 4 _aالشعر العربى
650 0 4 _aالشعر - دواوين و قصائد
650 0 4 _aالشعر العربى - العصر الحديث
942 _2ddc
_cBK
999 _c38141
_d38141